Germanic Language Countries With Exceptions - Statistics

General Stats
  • This quiz has been taken 227 times
  • The average score is 12 of 14
Answer Stats
Language Answer % Correct
German Germany
98%
German Austria
96%
Dutch, German Belgium
96%
Norwegian Norway
96%
Swedish Sweden
96%
German Switzerland
96%
Danish Denmark
95%
Dutch Netherlands
94%
German Liechtenstein
93%
Dutch, German, Luxembourgish Luxembourg
93%
Icelandic Iceland
88%
Swedish Finland
71%
Afrikaans South Africa
54%
Dutch Suriname
38%
No matching quizzes found
Score Distribution
Percent of People with Each Score
Percentile by Number Answered
Your Score History
You have not taken this quiz